如何寻找传销事业伙伴 (Record no. 53902)

000 -LEADER
fixed length control field 00502nam a22001937a 4500
003 - CONTROL NUMBER IDENTIFIER
control field MPLRDC
005 - DATE AND TIME OF LATEST TRANSACTION
control field 20220104154307.0
008 - FIXED-LENGTH DATA ELEMENTS--GENERAL INFORMATION
fixed length control field 210129b ||||| |||| 00| 0 eng d
020 ## - INTERNATIONAL STANDARD BOOK NUMBER
International Standard Book Number 957-9174-79-2
082 ## - DEWEY DECIMAL CLASSIFICATION NUMBER
Classification number 496.5 FTL
100 ## - MAIN ENTRY--PERSONAL NAME
Personal name 方天龙
245 ## - TITLE STATEMENT
Title 如何寻找传销事业伙伴
Statement of responsibility, etc.
250 ## - EDITION STATEMENT
Edition statement 初版
260 ## - PUBLICATION, DISTRIBUTION, ETC.
Place of publication, distribution, etc. 台湾
Name of publisher, distributor, etc. 汉湘文化事业股份有限公司
Date of publication, distribution, etc. 1996
300 ## - PHYSICAL DESCRIPTION
Other physical details
490 ## - SERIES STATEMENT
Series statement 传销系列. 15
650 ## - SUBJECT ADDED ENTRY--TOPICAL TERM
Topical term or geographic name entry element 推销策略; 贩卖术
942 ## - ADDED ENTRY ELEMENTS (KOHA)
Koha item type Book
-- 496.5 FTL
Holdings
Withdrawn status Lost status Source of classification or shelving scheme Damaged status Not for loan Collection code Home library Current library Shelving location Date acquired Cost, normal purchase price Total Checkouts Total Renewals Full call number Barcode Date last seen Date last checked out Price effective from Koha item type Public note
            Malaysian Public Library, Research and Development Centre Malaysian Public Library, Research and Development Centre   10/12/2007 28.00   1 496.5 FTL 00054084 18/03/2021 09/07/2016 18/03/2021 Book mplrdc

© 2022. Malaysian Public Library, Research and Development Centre. All Right ReservedE-mailmplrdc@help.edu.my 

Powered by Koha